| 000 | 01224cam a2200265 4500 | ||
|---|---|---|---|
| 001 | ##L134986 | ||
| 002 | ##10068 | ||
| 008 | 060915n2006 000 0 eng u | ||
| 020 |
_a075066956X _a9780750669566 |
||
| 035 | _a(Sirsi) u134986 | ||
| 041 | 0 | _aeng | |
| 050 | 0 | 4 | _a658.404 $2 18 |
| 100 | 1 | _aLester, Albert | |
| 245 | 0 | 0 |
_aProject management, planning and control _bmanaging engineering, construction and manufacturing projects to PMI, APM and BSI standards |
| 250 | _a5th ed. | ||
| 260 |
_aOxford _bElsevier _c2006 |
||
| 300 |
_axii, 435p. _c25cm. |
||
| 350 | _a39.99 | ||
| 520 | _aProvides detailed coverage of the core project management topics and principles for professionals in the construction, engineering and manufacturing sectors. Contains all theory and practice for the newly revised Project Management Institute and Association of Project Management qualification examinations and the latest version of BS 6079-1: 2002. Includes worked examples, online question and answer resources and a chapter on the Hornet Windmill computer program. Bibliography. | ||
| 590 | _aIKA311006 | ||
| 650 | 2 | 4 | _aBS 6079-1: 2002 |
| 651 | 4 |
_aUnited Kingdom _y |
|
| 690 |
_aProject management _96261 |
||
| 942 | _n0 | ||
| 999 |
_c105875 _d105875 |
||